| 000 | 01453cam a2200265 a 4500 | ||
|---|---|---|---|
| 001 | 000013216 | ||
| 005 | 20200929163152.0 | ||
| 008 | 900919s1990 ck b f001 0dspa | ||
| 020 | _a9586430006 (obra completa) | ||
| 040 |
_aDO-SdBNP _cspa _dBNPHU |
||
| 245 | 0 | 0 |
_aCausas y memorias de los conjurados del 25 de septiembre de 1828 / _cintroducción, María Isabel Perdomo Pardo, Germán Mejía Pavony. |
| 260 |
_aBogotá : _bFundación para la Conmemoración del Bicentenario del Natalicio y el Sesquicentenario de la Muerte del General Francisco de Paula Santander, _c1990. |
||
| 300 |
_a3 v. : _bmap ; _c24 cm. |
||
| 490 | 1 |
_aBiblioteca de la Presidencia de la República. Documentos _vno. 46-48 |
|
| 500 | _aIncluye notas al pie de las páginas. | ||
| 500 | _aIncluye índices | ||
| 651 | 0 |
_aColombia _xPolítica Y Gobierno _y1819-1831 _xFuentes. _930332 |
|
| 600 | 1 | 0 |
_aBolívar, Simón, _d1783-1830 _xIntento de asesinato, 1828 _xFuentes. _930333 |
| 600 | 1 | 0 |
_aSantander, Francisco de Paula, _d1792-1840. _918039 |
| 650 | 0 |
_aConspiración _zColombia _xHistoria _xFuentes. _930334 |
|
| 700 | 1 |
_aPerdomo Pardo, María Isabel, _eintrod. _930335 |
|
| 700 | 1 |
_aMejía Pavony, Germán, _eintrod. _930336 |
|
| 710 | 2 |
_aFundación para la Conmemoración del Bicentenario del Natalicio y el Sesquicentenario de la Muerte del General Francisco de Paula Santander. _918093 |
|
| 830 | 0 |
_aBiblioteca de la Presidencia de la República. _pDocumentos ; _vno. 46-48. _930337 |
|
| 999 |
_c12851 _d12851 |
||